000 00384nam a2200145Ia 4500
008 090124s9999 xx 000 0 und d
082 _b300897
245 _a जायंट व्हिल
250 _a1
260 _bवाड छाया
_c1982
300 _a259
630 _a जायंट व्हिल
730 _a जायंट व्हिल
942 _cBOOK
999 _c190451
_d190451